Club des joueurs de l'EDF à la première sélection sous Deschamps - Statistiques

Statistiques générales
  • Ce quiz a été pris 163 fois
  • Le résultat moyen est 23 sur 37
Statistiques - réponses
Nombre de joueurs sélectionnés Sélections totales Réponse % Correct
8 153 PSG
96%
4 44 Marseille
94%
9 136 Lyon
93%
1 93 Real Madrid
88%
1 15 Barcelone
84%
3 27 LOSC
84%
13 253 AS Monaco
79%
2 148 Juventus
79%
2 16 RC Lens
78%
4 25 Stade Rennais
78%
3 4 OGC Nice
77%
3 13 Chelsea
75%
1 37 Atlético Madrid
74%
1 5 Bordeaux
73%
1 7 Saint-Etienne
72%
50 681 Ligue 1
71%
7 353 Liga
70%
6 105 Premier League
69%
4 187 Serie A
69%
9 198 Bundesliga
68%
1 49 Dortmund
66%
1 33 AC Milan
60%
1 4 Montpellier
60%
1 7 Toulouse
59%
1 16 Liverpool
57%
3 73 Seville
53%
4 38 RB Leipzig
46%
1 6 AS Roma
44%
1 11 Leverkusen
40%
1 135 Real Sociedad
40%
1 8 Porto
34%
1 61 Leicester
32%
1 22 Francfort
31%
1 54 VFB Stuttgart
23%
1 8 Ligue portugaise
22%
1 24 Monchengladbach
22%
1 15 Southampton
15%
Aucun quiz correspondant
Distribution des résultats
% des personnes avec chaque résultat
Percentile par nombre de réponses
Votre historique - résultats
Vous n’avez pas pris ce quiz